[Event "BW 2018 B-Open"]
[Site "Bad Woerishofen"]
[Date "2018.02.23"]
[Round "1.1"]
[White "Walda, Michael"]
[Black "Wibel, Stefan"]
[Result "0-1"]
[WhiteElo "1976"]
[BlackElo "1768"]
[Annotator "chessorg"]
[PlyCount "78"]
[EventDate "2018.??.??"]
[WhiteTeam "SAbt Niederraeder TG"]
[BlackTeam "SF Bad Groenenbach"]

1. e4 d6 2. d4 g6 3. Bc4 Nf6 4. Qf3 c6 5. Nc3 Nbd7 6. g4 e6 7. Nge2 Bg7 8. Ng3
Nb6 9. Bb3 Qc7 10. g5 Ng8 11. Be3 Ne7 12. h4 d5 13. h5 dxe4 14. Ncxe4 Nbd5 15.
Nf6+ Bxf6 16. gxf6 Nf5 17. Nxf5 gxf5 18. Qg2 Bd7 19. Qg7 O-O-O 20. Qxf7 Rdf8
21. Qg7 Nxf6 22. c4 Rhg8 23. Qe7 Ng4 24. O-O-O f4 25. Rhg1 fxe3 26. Rxg4 exf2
27. Rxg8 Rxg8 28. Qf7 Qg3 29. c5 Qg5+ 30. Kc2 Qg1 31. Bc4 Rg7 32. Qf8+ Kc7 33.
Qf4+ Kd8 34. Rf1 Rg2 35. h6 Qh2 36. Qxh2 Rxh2 37. Kd2 e5 38. dxe5 Bh3 39. Rd1
f1=Q+ 0-1

[Event "BW 2018 B-Open"]
[Site "Bad Woerishofen"]
[Date "2018.02.23"]
[Round "1.2"]
[White "Bauer, Wolfgang"]
[Black "Pensold, Heiko"]
[Result "0-1"]
[WhiteElo "1760"]
[BlackElo "1958"]
[Annotator "chessorg"]
[PlyCount "100"]
[EventDate "2018.??.??"]
[WhiteTeam "SC Dillingen"]

1. c4 b6 2. Nf3 Bb7 3. b3 d6 4. d4 Nd7 5. Bb2 Ngf6 6. Nbd2 Ne4 7. Nxe4 Bxe4 8.
e3 e6 9. Bd3 Bb7 10. O-O Be7 11. Qe2 O-O 12. Rad1 Qe8 13. e4 f6 14. Rfe1 Qf7
15. Bb1 Rae8 16. d5 e5 17. Nh4 g6 18. Qg4 Bc8 19. Qg3 Kh8 20. f4 exf4 21. Qxf4
Ne5 22. Qg3 a5 23. Rf1 Qg7 24. a4 Bd8 25. h3 Qh6 26. Bc1 Qh5 27. Nf3 g5 28. Nd4
g4 29. h4 f5 30. Nxf5 Bxf5 31. exf5 Bxh4 32. Qf4 Bf6 33. Qh6 Qf7 34. Rde1 Rg8
35. Bf4 Bg7 36. Qh4 Bf6 37. Qh6 Qe7 38. Re4 Qf7 39. Rfe1 Re7 40. Bxe5 Bxe5 41.
Rf1 Bg7 42. Qf4 Rxe4 43. Qxe4 Be5 44. f6 Qh5 45. Rf5 Qh2+ 46. Kf1 Rf8 47. f7
Qh6 48. Ke2 Qg7 49. Rg5 Qxf7 50. Rxg4 Qf1+ 0-1

[Event "BW 2018 B-Open"]
[Site "Bad Woerishofen"]
[Date "2018.02.23"]
[Round "1.5"]
[White "Kerber, Alfred"]
[Black "Felber, Gerald"]
[Result "1/2-1/2"]
[WhiteElo "1939"]
[BlackElo "1742"]
[Annotator "chessorg"]
[PlyCount "45"]
[EventDate "2018.??.??"]
[WhiteTeam "SK Reutte"]
[BlackTeam "SC Schwarz-Weiß Lichtenrade e.V."]

1. e4 c6 2. d4 d5 3. e5 Bf5 4. Bd3 Bxd3 5. Qxd3 Qa5+ 6. Nc3 Qa6 7. Qg3 e6 8.
Nge2 Ne7 9. O-O Nd7 10. f4 c5 11. dxc5 Nf5 12. Qf3 Bxc5+ 13. Kh1 h5 14. Bd2 h4
15. b4 Bb6 16. a4 Qc4 17. a5 Bd4 18. Nxd4 Qxd4 19. Be1 Rc8 20. Qd3 Qxd3 21.
cxd3 Ne3 22. Rf2 a6 23. b5 1/2-1/2

[Event "BW 2018 B-Open"]
[Site "Bad Woerishofen"]
[Date "2018.02.23"]
[Round "1.7"]
[White "Bossoni, Mario"]
[Black "Fischer, Johann"]
[Result "1-0"]
[WhiteElo "1907"]
[BlackElo "1721"]
[Annotator "chessorg"]
[PlyCount "87"]
[EventDate "2018.??.??"]
[BlackTeam "SK Krumbach"]

1. e4 c6 2. d4 d5 3. exd5 cxd5 4. c4 e6 5. Nf3 Nc6 6. Bf4 Bd6 7. Bxd6 Qxd6 8.
c5 Qe7 9. Nc3 Nh6 10. Bb5 Bd7 11. Bxc6 Bxc6 12. O-O O-O 13. b4 a6 14. a4 Qc7
15. b5 axb5 16. axb5 Rxa1 17. Qxa1 Be8 18. Qa7 Qc8 19. Ra1 f6 20. Qb6 Nf7 21.
Ra7 Nd8 22. Qa5 Qd7 23. Ra8 Bh5 24. Na4 e5 25. Nb6 Qe6 26. Qa2 Bf7 27. dxe5 h6
28. exf6 gxf6 29. Qd2 Re8 30. h3 h5 31. Qf4 Qe7 32. Nc8 Qxc5 33. Nd6 Ne6 34.
Qg3+ Kf8 35. Nxe8 Bxe8 36. Qg6 Qe7 37. Qxh5 Nc7 38. Rb8 Nxb5 39. Qxd5 Nd6 40.
Qd2 Kg7 41. Nh4 Qc7 42. Qxd6 Qc1+ 43. Kh2 Bc6 44. Qf8+ 1-0

[Event "BW 2018 B-Open"]
[Site "Bad Woerishofen"]
[Date "2018.02.23"]
[Round "1.8"]
[White "Dahmen, Juergen"]
[Black "Eschle, Hubert"]
[Result "0-1"]
[WhiteElo "1710"]
[BlackElo "1901"]
[Annotator "chessorg"]
[PlyCount "46"]
[EventDate "2018.??.??"]
[WhiteTeam "SV Wolfbusch"]
[BlackTeam "SR Spaichingen"]

1. c4 Nf6 2. Nc3 g6 3. Nf3 Bg7 4. d4 O-O 5. e4 d6 6. Be2 Nbd7 7. O-O e5 8. dxe5
dxe5 9. Bg5 h6 10. Bh4 c6 11. h3 g5 12. Bg3 Nh5 13. Bh2 Nf4 14. Rc1 Qe7 15. Qc2
Nc5 16. Rfd1 f5 17. exf5 Bxf5 18. Qd2 Rad8 19. Qe1 e4 20. Bxf4 exf3 21. Rxd8
Rxd8 22. Bxf3 Qxe1+ 23. Rxe1 gxf4 0-1

[Event "BW 2018 B-Open"]
[Site "Bad Woerishofen"]
[Date "2018.02.23"]
[Round "1.10"]
[White "Russ, Oliver"]
[Black "Forster, Rudolf"]
[Result "0-1"]
[WhiteElo "1701"]
[BlackElo "1895"]
[Annotator "chessorg"]
[PlyCount "97"]
[EventDate "2018.??.??"]
[WhiteTeam "SG CX Schwarzenberg-Raschau"]
[BlackTeam "SC Friedberg im Gehoerl. Sportverein"]

1. e4 d6 2. d4 e5 3. dxe5 dxe5 4. Qxd8+ Kxd8 5. Bc4 f6 6. Nc3 c6 7. Be3 g5 8.
O-O-O+ Kc7 9. f3 b5 10. Bd3 Be6 11. a3 a5 12. Nce2 h5 13. g3 Nd7 14. f4 exf4
15. gxf4 Bc5 16. Bxc5 Nxc5 17. f5 Bf7 18. Nf3 Re8 19. Nd2 Nh6 20. h3 h4 21. Nd4
Bh5 22. Rde1 Nf7 23. N2b3 Nxb3+ 24. cxb3 Ne5 25. Be2 Bf7 26. Kd2 Rd8 27. Ke3
Kb6 28. Rc1 Rd6 29. Rhd1 Rhd8 30. Ne6 Bxe6 31. fxe6 Rxd1 32. Rxd1 Re8 33. Rd6
Kc7 34. Rd4 Rxe6 35. a4 b4 36. Bc4 Re7 37. Rd1 f5 38. Rg1 f4+ 39. Kf2 Rg7 40.
Rd1 Rg6 41. Be2 Kb6 42. Rd8 Kc5 43. Ra8 Kd4 44. Rxa5 Kxe4 45. Ra6 f3 46. Bd1
Rd6 47. Bc2+ Kf4 48. Ke1 f2+ 49. Ke2 0-1

[Event "BW 2018 B-Open"]
[Site "Bad Woerishofen"]
[Date "2018.02.23"]
[Round "1.11"]
[White "Buchaeckert, Juergen"]
[Black "Frijling, Jeroen"]
[Result "1/2-1/2"]
[WhiteElo "1859"]
[BlackElo "1696"]
[Annotator "chessorg"]
[PlyCount "41"]
[EventDate "2018.??.??"]
[WhiteTeam "SK 1912 Ludwigshafen"]
[BlackTeam "Alphense SC"]

1. e4 c5 2. b4 cxb4 3. a3 e5 4. Nf3 Nc6 5. Bb2 d6 6. axb4 Nxb4 7. d4 exd4 8.
Qxd4 Nc6 9. Bb5 Bd7 10. Bxc6 Bxc6 11. O-O Nf6 12. Nbd2 Be7 13. Rfe1 O-O 14. Nh4
Ne8 15. Nf5 Bf6 16. Qb4 Bxb2 17. Qxb2 Qf6 18. Qxf6 Nxf6 19. Nxd6 Rfd8 (19...
Ng4 20. e5) 20. e5 Ng4 21. f4 1/2-1/2

[Event "BW 2018 B-Open"]
[Site "Bad Woerishofen"]
[Date "2018.02.23"]
[Round "1.13"]
[White "Mueller, Wolfgang"]
[Black "Vaclahovsky, Gerhard"]
[Result "1-0"]
[WhiteElo "1852"]
[BlackElo "1684"]
[Annotator "chessorg"]
[PlyCount "95"]
[EventDate "2018.??.??"]
[BlackTeam "SK Keres-Augsburg 1980"]

1. e4 d5 2. exd5 Qxd5 3. Nc3 Qa5 4. d4 c6 5. Bd2 Bf5 6. Nf3 Nd7 7. Be2 Ngf6 8.
O-O e6 9. a3 Qc7 10. b4 Bd6 11. h3 Bf4 12. Qc1 Bxd2 13. Qxd2 a6 14. Rfc1 Nd5
15. Nxd5 exd5 16. Qe3+ Be4 17. Ng5 O-O 18. Nxe4 Rfe8 19. Qg3 Qb6 20. Nc3 Qxd4
21. Rd1 Qf6 22. Bd3 Ne5 23. Na4 Re7 24. Nc5 Rae8 25. Bf1 Ng6 26. Bd3 Ne5 27.
Rac1 Qh6 28. Bf1 Ng6 29. Nd3 Ne5 30. Nxe5 Rxe5 31. Bd3 Qf6 32. Kf1 g6 33. a4
Qe7 34. Rb1 Qd6 35. Kg1 R8e7 36. Qh4 c5 37. bxc5 Qxc5 38. Qb4 Qc8 39. Re1 Rxe1+
40. Rxe1 Rxe1+ 41. Qxe1 Qd7 42. Qb4 Qc6 43. c4 dxc4 44. Qxc4 Qf6 45. Qc8+ Kg7
46. Qxb7 Qa1+ 47. Bf1 Qxa4 48. Qxa6 1-0

[Event "BW 2018 B-Open"]
[Site "Bad Woerishofen"]
[Date "2018.02.23"]
[Round "1.17"]
[White "Plug, Arjan"]
[Black "Seepe, Uwe"]
[Result "1/2-1/2"]
[WhiteElo "1832"]
[BlackElo "1640"]
[Annotator "chessorg"]
[PlyCount "73"]
[EventDate "2018.??.??"]
[WhiteTeam "Daniel Noteboom"]
[BlackTeam "SV Koenigsspringer Lemgo e.V."]

1. e4 e5 2. d4 exd4 3. Qxd4 Nc6 4. Qe3 g6 5. Bd2 Bg7 6. Nc3 d6 7. O-O-O Be6 8.
f4 Nge7 9. Nf3 Qd7 10. Bb5 a6 11. Be2 O-O-O 12. Ng5 Kb8 13. g4 Bd4 14. Qg3 f6
15. Nxe6 Qxe6 16. Kb1 Nb4 17. b3 Qd7 18. a3 Nbc6 19. Nd5 Nxd5 20. exd5 Ne7 21.
Qd3 Bb6 22. Bf3 Rhe8 23. Rhe1 Ng8 24. Bc3 Rxe1 25. Rxe1 Re8 26. Rxe8+ Qxe8 27.
Kc1 Be3+ 28. Bd2 Bxd2+ 29. Kxd2 Qe7 30. h4 Nh6 31. h5 f5 32. g5 Ng8 33. hxg6
hxg6 34. Qd4 Qh7 35. Be2 Ne7 36. c4 Qg8 37. Bf3 1/2-1/2

[Event "BW 2018 B-Open"]
[Site "Bad Woerishofen"]
[Date "2018.02.23"]
[Round "1.18"]
[White "Kearsley, Raymond"]
[Black "Sakowski, Christian"]
[Result "0-1"]
[WhiteElo "1616"]
[BlackElo "1822"]
[Annotator "chessorg"]
[PlyCount "74"]
[EventDate "2018.??.??"]
[WhiteTeam "Wimbledon"]
[BlackTeam "Schachclub Muelheim 08/25 e.V."]

1. e4 c6 2. d4 d5 3. exd5 cxd5 4. c4 e6 5. Nc3 Nf6 6. Nf3 Bb4 7. Bd3 dxc4 8.
Bxc4 O-O 9. O-O Nc6 10. Bf4 a6 11. a3 Be7 12. d5 Nxd5 13. Nxd5 exd5 14. Bxd5
Qb6 15. Qc2 Nd4 16. Qc7 Bd8 17. Qxb6 Bxb6 18. Nxd4 Bxd4 19. Rab1 Bf5 20. Rbc1
Bxb2 21. Rc7 Rad8 22. Bxb7 Bd3 23. Re1 Bxa3 24. h3 a5 25. Ra1 Bb4 26. Be3 Rfe8
27. Rcc1 Rb8 28. Bd5 Red8 29. Bf3 Bf5 30. Bf4 Rbc8 31. Rc7 Be6 32. Rxc8 Rxc8
33. Bb7 Rd8 34. Bc6 h6 35. Bc7 Rc8 36. Bxa5 Bxa5 37. Rxa5 Rxc6 0-1

[Event "BW 2018 B-Open"]
[Site "Bad Woerishofen"]
[Date "2018.02.23"]
[Round "1.20"]
[White "Cremonini, Stefano"]
[Black "Rueggeberg, Wilhelm"]
[Result "1/2-1/2"]
[WhiteElo "1591"]
[BlackElo "1808"]
[Annotator "chessorg"]
[PlyCount "90"]
[EventDate "2018.??.??"]
[BlackTeam "Sfr.Saarburg-Trier"]

1. d4 Nf6 2. Nf3 d5 3. Bf4 Nbd7 4. e3 e6 5. Nbd2 c5 6. c3 Qb6 7. Rb1 cxd4 8.
exd4 Bd6 9. Bxd6 Qxd6 10. Bd3 O-O 11. O-O e5 12. dxe5 Nxe5 13. Nxe5 Qxe5 14.
Nf3 Qh5 15. Nd4 Bg4 16. f3 Bd7 17. Qd2 Rfe8 18. Rbe1 a6 19. Qf4 Rxe1 20. Rxe1
Qh6 21. Qxh6 gxh6 22. Kf2 Re8 23. Rxe8+ Nxe8 24. Ke3 Nd6 25. b3 Kg7 26. Kf4 Kf6
27. a4 Nc8 28. Bxh7 Ne7 29. Bd3 Ng6+ 30. Bxg6 fxg6 31. h4 g5+ 32. hxg5+ hxg5+
33. Ke3 Ke5 34. a5 Bc8 35. g3 Bd7 36. f4+ gxf4+ 37. gxf4+ Kf6 38. b4 Be8 39.
Ne2 Kf5 40. Kd4 Bb5 41. Nc1 Kxf4 42. Kxd5 Ke3 43. Nb3 Bf1 44. Nc5 Bg2+ 45. Kc4
Bf1+ 1/2-1/2

[Event "BW 2018 B-Open"]
[Site "Bad Woerishofen"]
[Date "2018.02.23"]
[Round "1.23"]
[White "Bernhard, Thomas"]
[Black "Mikota, Paul"]
[Result "1-0"]
[WhiteElo "1800"]
[BlackElo "1544"]
[Annotator "chessorg"]
[PlyCount "57"]
[EventDate "2018.??.??"]
[WhiteTeam "SF Gottmadingen"]
[BlackTeam "SK Kriegshaber"]

1. e4 c5 2. Nf3 e6 3. d4 cxd4 4. Nxd4 a6 5. Nc3 Qc7 6. Bd3 Bc5 7. Nb3 Ba7 8.
Qg4 g6 9. Bf4 d6 10. Qg3 Ke7 11. O-O Nc6 12. a3 b5 13. Rad1 Bb7 14. Bxb5 Ne5
15. Be2 h6 16. h4 Nf6 17. Bd3 Rag8 18. Be3 Nh5 19. Qh3 Bc8 20. f4 Bxe3+ 21.
Qxe3 Nc6 22. f5 gxf5 23. exf5 Rg3 24. Rf3 Rhg8 25. Nd5+ Kd8 26. Nxc7 Rxg2+ 27.
Kf1 Rg1+ 28. Qxg1 Rxg1+ 29. Kxg1 1-0

[Event "BW 2018 B-Open"]
[Site "Bad Woerishofen"]
[Date "2018.02.24"]
[Round "2.1"]
[White "Pensold, Heiko"]
[Black "Yang, David"]
[Result "1-0"]
[WhiteElo "1958"]
[BlackElo "1829"]
[Annotator "chessorg"]
[PlyCount "74"]
[EventDate "2018.??.??"]
[BlackTeam "SK Germering"]

1. d4 e6 2. Nf3 c5 3. e3 Nf6 4. Bd3 Nc6 5. c3 b6 6. O-O Bb7 7. a3 Be7 8. e4
cxd4 9. cxd4 O-O 10. Nc3 d6 11. Be3 Qd7 12. Qe2 Rac8 13. Rad1 d5 14. e5 Ne8 15.
Bb1 f5 16. exf6 Bxf6 17. Bg5 Qe7 18. h4 Nd6 19. Rfe1 Rce8 20. Qc2 g6 21. Nxd5
Qg7 22. Nxf6+ Rxf6 23. Bxf6 Qxf6 24. h5 Ne7 25. Qc7 Bxf3 26. gxf3 Nef5 27. hxg6
hxg6 28. Qd7 Re7 29. Qd8+ Kf7 30. Bxf5 Nxf5 31. d5 Qg5+ 32. Kf1 Qh5 33. dxe6+
Kf6 34. Rd3 Qh3+ 35. Ke2 Kg7 36. Kd2 Qh6+ 37. Kc2 Qf4 1-0

[Event "BW 2018 B-Open"]
[Site "Bad Woerishofen"]
[Date "2018.02.24"]
[Round "2.4"]
[White "Haugg, Gerhard"]
[Black "Bossoni, Mario"]
[Result "0-1"]
[WhiteElo "1800"]
[BlackElo "1907"]
[Annotator "chessorg"]
[PlyCount "58"]
[EventDate "2018.??.??"]

1. e4 c5 2. d4 cxd4 3. Qxd4 Nc6 4. Qe3 Nf6 5. Bb5 g6 6. Nc3 Bg7 7. Bd2 O-O 8.
Nge2 d6 9. O-O Ng4 10. Qg3 a6 11. Ba4 b5 12. Bb3 b4 13. Nd1 Rb8 14. h3 Nf6 15.
f3 a5 16. Bc4 Ne5 17. Bd3 Nxd3 18. cxd3 Ba6 19. f4 Nxe4 20. dxe4 Bxe2 21. Re1
Bxd1 22. Raxd1 Bxb2 23. Qb3 Bg7 24. f5 Qb6+ 25. Be3 Qa6 26. fxg6 hxg6 27. Bd4
Bxd4+ 28. Rxd4 Qb6 29. Red1 e5 0-1

[Event "BW 2018 B-Open"]
[Site "Bad Woerishofen"]
[Date "2018.02.24"]
[Round "2.7"]
[White "Forster, Rudolf"]
[Black "Bernhard, Thomas"]
[Result "1-0"]
[WhiteElo "1895"]
[BlackElo "1800"]
[Annotator "chessorg"]
[PlyCount "93"]
[EventDate "2018.??.??"]
[WhiteTeam "SC Friedberg im Gehoerl. Sportverein"]
[BlackTeam "SF Gottmadingen"]

1. e4 e5 2. Nc3 Nf6 3. g3 Bc5 4. Bg2 O-O 5. Nge2 c6 6. O-O d6 7. Na4 Bb4 8. a3
Ba5 9. b4 Bc7 10. d3 b5 11. Nb2 Bb6 12. a4 a6 13. c4 Bg4 14. axb5 cxb5 15. cxb5
Bd4 16. h3 Bxe2 17. Qxe2 Qb6 18. Nc4 Qxb5 19. Rb1 Qc6 20. Bg5 Nbd7 21. Rfc1
Rfc8 22. Kh2 h6 23. Bd2 Nf8 24. Nxe5 Qb5 25. Nc4 Ne8 26. Bf4 Be5 27. Be3 Ne6
28. f4 Bd4 29. f5 Bxe3 30. Qxe3 N6c7 31. Nb6 Rab8 32. Nxc8 Rxc8 33. Qd4 Rb8 34.
Qc4 Qd7 35. Qd4 Nb5 36. Qe3 Nec7 37. g4 f6 38. h4 Re8 39. Qg3 d5 40. g5 hxg5
41. hxg5 Nd4 42. Rxc7 Qd8 43. Rb7 dxe4 44. Bxe4 Nb5 45. Re1 fxg5 46. Bd5+ Qxd5
47. Rxe8+ 1-0

[Event "BW 2018 B-Open"]
[Site "Bad Woerishofen"]
[Date "2018.02.24"]
[Round "2.8"]
[White "Von Saldern, Ruediger"]
[Black "De Luna, Alberto"]
[Result "1/2-1/2"]
[WhiteElo "1854"]
[BlackElo "1799"]
[Annotator "chessorg"]
[PlyCount "66"]
[EventDate "2018.??.??"]
[WhiteTeam "Schachclub Starnberg 1820 e.V."]
[BlackTeam "SV Oberstenfeld"]

1. d4 c5 2. d5 d6 3. c4 e5 4. dxe6 fxe6 5. e4 Nf6 6. Nc3 Nc6 7. Nf3 Be7 8. Be2
O-O 9. O-O e5 10. Bg5 Nd4 11. Qd3 Be6 12. a3 Ne8 13. Bxe7 Qxe7 14. b4 b6 15.
Rab1 Nc7 16. bxc5 bxc5 17. Nd5 Bxd5 18. cxd5 Rfb8 19. Nxd4 exd4 20. f4 Qe8 21.
Bf3 Rxb1 22. Rxb1 Rb8 23. Rxb8 Qxb8 24. e5 Nb5 25. Be4 g6 26. Qh3 Qe8 27. e6
Nc3 28. Qd3 Nxe4 29. Qxe4 Qe7 30. g4 Kf8 31. f5 Qf6 32. Qb1 Qe5 33. fxg6 Qe3+
1/2-1/2

[Event "BW 2018 B-Open"]
[Site "Bad Woerishofen"]
[Date "2018.02.24"]
[Round "2.20"]
[White "Ellmaier, Ludwig"]
[Black "Meroni, Alberto"]
[Result "1-0"]
[WhiteElo "1774"]
[BlackElo "1028"]
[Annotator "chessorg"]
[PlyCount "53"]
[EventDate "2018.??.??"]

1. d4 g6 2. c4 Bg7 3. e4 Nf6 4. Nc3 d6 5. Bd3 Nc6 6. Nge2 O-O 7. f3 e5 8. d5
Nb4 9. Bb1 b6 10. Ng3 Na6 11. Be3 Bb7 12. Qd2 c6 13. O-O Qd7 14. Bc2 Nb4 15.
Ba4 Qc7 16. a3 Na6 17. Rac1 Rad8 18. b4 Nb8 19. Rfd1 Ba8 20. Bh6 c5 21. b5 a6
22. Qg5 Qe7 23. Bxg7 Kxg7 24. Nf5+ Kh8 25. Nxe7 Kg7 26. Nf5+ Kh8 27. Qxf6+ 1-0

[Event "BW 2018 B-Open"]
[Site "Bad Woerishofen"]
[Date "2018.02.24"]
[Round "2.21"]
[White "Vaclahovsky, Gerhard"]
[Black "Walda, Michael"]
[Result "0-1"]
[WhiteElo "1684"]
[BlackElo "1976"]
[Annotator "chessorg"]
[PlyCount "84"]
[EventDate "2018.??.??"]
[WhiteTeam "SK Keres-Augsburg 1980"]
[BlackTeam "SAbt Niederraeder TG"]

1. e4 Nc6 2. d4 e5 3. Nf3 exd4 4. Nxd4 g6 5. Nxc6 bxc6 6. Nc3 Bg7 7. Bd2 Rb8 8.
Rb1 Qe7 9. Bd3 d5 10. O-O d4 11. Ne2 Be6 12. b3 Qh4 13. g3 Qe7 14. Nf4 Bd7 15.
Qc1 Nf6 16. f3 O-O 17. Ne2 Rfe8 18. Kg2 Qe6 19. Nf4 Qd6 20. Bc4 Bc8 21. Nd3 Qd7
22. Rf2 Qh3+ 23. Kg1 Qh5 24. Bf4 Qa5 25. b4 Qb6 26. Kg2 Nd7 27. a4 Ba6 28. a5
Qb7 29. Bxa6 Qxa6 30. Bxc7 Rb5 31. Rf1 Bf8 32. Qd2 Qb7 33. Bf4 c5 34. Qc1 c4
35. Nc5 Nxc5 36. bxc5 Bxc5 37. Rxb5 Qxb5 38. Qa1 c3 39. Rb1 Qe2+ 40. Kh3 Qxf3
41. Rb7 Rxe4 42. Bb8 Rh4+ 0-1

[Event "BW 2018 B-Open"]
[Site "Bad Woerishofen"]
[Date "2018.02.24"]
[Round "2.23"]
[White "Zeleny, Luca"]
[Black "Gerhards, Walter"]
[Result "0-1"]
[WhiteElo "1659"]
[BlackElo "1953"]
[Annotator "chessorg"]
[PlyCount "38"]
[EventDate "2018.??.??"]
[WhiteTeam "SV Unser Fritz"]
[BlackTeam "Ratinger SK"]

1. e4 e5 2. Nf3 Nc6 3. d4 exd4 4. Bc4 d6 5. c3 Ne5 6. O-O Bg4 7. Qa4+ Bd7 8.
Qb3 Nxf3+ 9. gxf3 Qf6 10. Qxb7 Rd8 11. Bb5 Qxf3 12. Bxd7+ Rxd7 13. cxd4 Nf6 14.
Nc3 Be7 15. Qb8+ Bd8 16. e5 Ng4 17. exd6 O-O 18. Qb5 Rxd6 19. Qh5 Rg6 0-1

[Event "BW 2018 B-Open"]
[Site "Bad Woerishofen"]
[Date "2018.02.24"]
[Round "2.26"]
[White "Huber, Dorit"]
[Black "David, Sebastian"]
[Result "1/2-1/2"]
[WhiteElo "1563"]
[BlackElo "1745"]
[Annotator "chessorg"]
[PlyCount "83"]
[EventDate "2018.??.??"]
[WhiteTeam "SK Germering"]
[BlackTeam "Post-SV Memmingen e.V."]

1. d4 d5 2. Bf4 Nf6 3. e3 Bf5 4. c4 e6 5. Nc3 Bb4 6. a3 Be7 7. Be2 O-O 8. Nf3
Nbd7 9. Qb3 dxc4 10. Bxc4 Nb6 11. Be2 c6 12. O-O Nfd5 13. Bg3 Bd6 14. Bxd6 Qxd6
15. Rfe1 Rab8 16. Nh4 Nxc3 17. bxc3 Be4 18. Nf3 Qe7 19. c4 Qf6 20. Nd2 Bg6 21.
Bf3 Rfd8 22. Rad1 Qg5 23. Ne4 Bxe4 24. Bxe4 Qe7 25. Rd3 Rd7 26. Red1 Rbd8 27.
a4 Nc8 28. Bf3 Nd6 29. d5 exd5 30. cxd5 c5 31. Qc2 b6 32. Re1 c4 33. Rd4 a6 34.
e4 Qe5 35. Qc3 b5 36. axb5 axb5 37. Red1 Re7 38. g3 f5 39. Qa5 Rde8 40. exf5
Qxf5 41. Bg4 Qf6 42. Be6+ 1/2-1/2

[Event "BW 2018 B-Open"]
[Site "Bad Woerishofen"]
[Date "2018.02.24"]
[Round "2.31"]
[White "Gupta, Sara"]
[Black "Russ, Oliver"]
[Result "0-1"]
[WhiteElo "1315"]
[BlackElo "1701"]
[Annotator "chessorg"]
[PlyCount "52"]
[EventDate "2018.??.??"]
[BlackTeam "SG CX Schwarzenberg-Raschau"]

1. e4 e5 2. Nf3 Nc6 3. d4 exd4 4. Nxd4 Bc5 5. Be3 Qf6 6. c3 Nge7 7. Bc4 Ne5 8.
Bb3 N7c6 9. O-O O-O 10. Nb5 Bxe3 11. Nxc7 Bf4 12. Nxa8 Bxh2+ 13. Kxh2 Qh4+ 14.
Kg1 Ng4 15. Re1 Qxf2+ 16. Kh1 Nce5 17. Qd2 Qh4+ 18. Kg1 d6 19. Na3 Be6 20. Nc7
Qg3 21. Kf1 Nh2+ 22. Kg1 Nhf3+ 23. Kf1 Nxd2+ 24. Ke2 Nxb3 25. Nxe6 fxe6 26.
axb3 Qd3# 0-1

[Event "BW 2018 B-Open"]
[Site "Bad Woerishofen"]
[Date "2018.02.24"]
[Round "2.32"]
[White "Goetz, Sibylle"]
[Black "Gajewski, Richard"]
[Result "0-1"]
[WhiteElo "1236"]
[BlackElo "1694"]
[Annotator "chessorg"]
[PlyCount "34"]
[EventDate "2018.??.??"]
[WhiteTeam "SC Siegburg"]
[BlackTeam "SAbt Wolframs-Eschenbach"]

1. c4 e5 2. Nc3 f5 3. g3 Nf6 4. Nf3 Nc6 5. Bg2 Bc5 6. O-O O-O 7. d3 Qe8 8. Re1
Qh5 9. b3 Ng4 10. Nb5 Bxf2+ 11. Kf1 Bb6 12. h3 a6 13. Ba3 d6 14. Nc3 Ne3+ 15.
Kf2 Nxd1+ 16. Kf1 Nxc3 17. Rac1 Nxa2 0-1

[Event "BW 2018 B-Open"]
[Site "Bad Woerishofen"]
[Date "2018.02.24"]
[Round "3.2"]
[White "Bossoni, Mario"]
[Black "Eschle, Hubert"]
[Result "1-0"]
[WhiteElo "1907"]
[BlackElo "1901"]
[Annotator "chessorg"]
[PlyCount "47"]
[EventDate "2018.??.??"]
[BlackTeam "SR Spaichingen"]

1. e4 e5 2. Nc3 Nf6 3. g3 Bc5 4. Bg2 O-O 5. d3 h6 6. Nge2 Nc6 7. O-O d6 8. h3
a6 9. Kh2 Ne8 10. Nd5 f5 11. f4 Ne7 12. Nxe7+ Qxe7 13. exf5 Rxf5 14. Be4 Rh5
15. f5 Nf6 16. c4 g5 17. Nc3 c6 18. Kg2 Qh7 19. Bd2 Qd7 20. g4 Rh4 21. Be1 d5
22. cxd5 cxd5 23. Nxd5 Nxd5 24. Qb3 1-0

[Event "BW 2018 B-Open"]
[Site "Bad Woerishofen"]
[Date "2018.02.24"]
[Round "3.3"]
[White "Forster, Rudolf"]
[Black "Listl, Rudolf"]
[Result "1/2-1/2"]
[WhiteElo "1895"]
[BlackElo "1975"]
[Annotator "chessorg"]
[PlyCount "50"]
[EventDate "2018.??.??"]
[WhiteTeam "SC Friedberg im Gehoerl. Sportverein"]
[BlackTeam "SC Peiting"]

1. e4 c6 2. d4 d5 3. Nc3 dxe4 4. Nxe4 Nd7 5. Nf3 Ngf6 6. Ng3 Qc7 7. Bd3 g6 8.
O-O Bg7 9. Re1 Nb6 10. Bd2 O-O 11. h3 Be6 12. Qe2 Rfe8 13. Ng5 Bd7 14. Nf3 Rad8
15. Ba5 c5 16. Qe5 Qxe5 17. dxe5 Nfd5 18. Ne4 Rc8 19. Neg5 Bc6 20. Rad1 Nf4 21.
Be4 h6 22. Bxc6 Rxc6 23. Ne4 Ne6 24. Bxb6 axb6 25. b3 c4 1/2-1/2

[Event "BW 2018 B-Open"]
[Site "Bad Woerishofen"]
[Date "2018.02.24"]
[Round "3.4"]
[White "Kerber, Alfred"]
[Black "Rueggeberg, Wilhelm"]
[Result "1-0"]
[WhiteElo "1939"]
[BlackElo "1808"]
[Annotator "chessorg"]
[PlyCount "57"]
[EventDate "2018.??.??"]
[WhiteTeam "SK Reutte"]
[BlackTeam "Sfr.Saarburg-Trier"]

1. e4 c5 2. Nc3 Nc6 3. f4 d6 4. Bc4 Nf6 5. Nf3 Bg4 6. e5 e6 7. exf6 Qxf6 8. d3
Be7 9. Bb5 O-O 10. Bxc6 bxc6 11. O-O Rab8 12. Qe1 Rb4 13. a3 Rb7 14. Ne4 Qf5
15. h3 Bxf3 16. Rxf3 h6 17. Ng3 Qh7 18. f5 Bh4 19. fxe6 f5 20. Bf4 Rd8 21. Qa5
g6 22. Qa4 g5 23. Bd2 Bxg3 24. Rxg3 Rc8 25. Qc4 Qe7 26. b4 Rb5 27. Qh4 Qxe6 28.
Re1 Qg6 29. Bxg5 1-0

[Event "BW 2018 B-Open"]
[Site "Bad Woerishofen"]
[Date "2018.02.24"]
[Round "3.5"]
[White "Hager, Eberhard"]
[Black "Specht, Helmut"]
[Result "1/2-1/2"]
[WhiteElo "1805"]
[BlackElo "1913"]
[Annotator "chessorg"]
[PlyCount "84"]
[EventDate "2018.??.??"]
[WhiteTeam "SC Friedberg"]

1. e4 c6 2. c4 d5 3. exd5 cxd5 4. cxd5 Nf6 5. Nc3 Nxd5 6. Nxd5 Qxd5 7. Nf3 Nc6
8. Be2 Bg4 9. O-O e6 10. h3 Bh5 11. a3 Be7 12. d4 O-O 13. Be3 a6 14. Qd2 Rfd8
15. Rfd1 Na5 16. Qe1 Nb3 17. Rab1 Rac8 18. Ne5 Bxe2 19. Qxe2 Bf6 20. Nf3 a5 21.
Rd3 a4 22. Rbd1 h6 23. Qe1 Rc2 24. Rb1 Rdc8 25. Rc3 R2xc3 26. bxc3 Qc4 27. Bd2
Be7 28. Ne5 Qd5 29. Bc1 Bd8 30. Bb2 b5 31. Qe3 Bc7 32. Nd3 Ba5 33. Ne5 Bc7 34.
Nd3 Qd6 35. g3 Qd5 36. Re1 Ba5 37. Ne5 Rc7 38. Re2 Qd8 39. Qf3 Qc8 40. Re3 Nd2
41. Qe2 Nc4 42. Nxc4 bxc4 1/2-1/2

[Event "BW 2018 B-Open"]
[Site "Bad Woerishofen"]
[Date "2018.02.24"]
[Round "3.7"]
[White "Papa, Angelo"]
[Black "Von Saldern, Ruediger"]
[Result "1/2-1/2"]
[WhiteElo "1754"]
[BlackElo "1854"]
[Annotator "chessorg"]
[PlyCount "27"]
[EventDate "2018.??.??"]
[BlackTeam "Schachclub Starnberg 1820 e.V."]

1. d4 d5 2. c4 c6 3. cxd5 cxd5 4. Nc3 Nf6 5. Bf4 e6 6. e3 Bd6 7. Bxd6 Qxd6 8.
Bd3 O-O 9. Nf3 Nc6 10. Rc1 e5 11. Nxe5 Nxe5 12. dxe5 Qxe5 13. O-O Bg4 14. Be2
1/2-1/2

[Event "BW 2018 B-Open"]
[Site "Bad Woerishofen"]
[Date "2018.02.24"]
[Round "3.8"]
[White "Mueller, Wolfgang"]
[Black "Redemann, Dietmar"]
[Result "1/2-1/2"]
[WhiteElo "1852"]
[BlackElo "1791"]
[Annotator "chessorg"]
[PlyCount "85"]
[EventDate "2018.??.??"]
[BlackTeam "SC Schwabmuenchen"]

1. e4 d5 2. exd5 Nf6 3. Nc3 Nxd5 4. Ne4 Nd7 5. d4 N7f6 6. Ng3 Bg4 7. Be2 Bxe2
8. N1xe2 e6 9. a3 c5 10. c4 Nb6 11. O-O Be7 12. b3 O-O 13. Bb2 Qc7 14. Qc2 Rfd8
15. Rfd1 Rac8 16. dxc5 Qxc5 17. Ne4 Nxe4 18. Qxe4 Qc7 19. Qg4 g6 20. h4 Rxd1+
21. Rxd1 Rd8 22. Rxd8+ Qxd8 23. g3 Qd3 24. Qd4 Qxd4 25. Nxd4 h5 26. Nf3 f6 27.
Kf1 Kf7 28. Ke2 e5 29. Nd2 Ke6 30. Ne4 a6 31. Nd2 f5 32. Nf3 Bf6 33. Nd2 g5 34.
hxg5 Bxg5 35. Nf3 Bf6 36. Nd2 Bg5 37. Nf3 Bf6 38. Ne1 h4 39. gxh4 Bxh4 40. Nd3
Nd7 41. f3 Bg5 42. b4 Bf6 43. Bc1 1/2-1/2